<?xml version="1.0" encoding="UTF-8"?><?xml-stylesheet type="text/xsl" href="static/style.xsl"?><OAI-PMH xmlns="http://www.openarchives.org/OAI/2.0/" xmlns:xsi="http://www.w3.org/2001/XMLSchema-instance" xsi:schemaLocation="http://www.openarchives.org/OAI/2.0/ http://www.openarchives.org/OAI/2.0/OAI-PMH.xsd"><responseDate>2026-04-28T21:35:06Z</responseDate><request verb="GetRecord" identifier="oai:repisalud.isciii.es:20.500.12105/15543" metadataPrefix="marc">https://repisalud.isciii.es/rest/oai/request</request><GetRecord><record><header><identifier>oai:repisalud.isciii.es:20.500.12105/15543</identifier><datestamp>2025-05-08T15:46:27Z</datestamp><setSpec>com_20.500.12105_2203</setSpec><setSpec>com_20.500.12105_2202</setSpec><setSpec>col_20.500.12105_19505</setSpec></header><metadata><record xmlns="http://www.loc.gov/MARC21/slim" xmlns:dcterms="http://purl.org/dc/terms/" xmlns:doc="http://www.lyncode.com/xoai" xmlns:xsi="http://www.w3.org/2001/XMLSchema-instance" xsi:schemaLocation="http://www.loc.gov/MARC21/slim http://www.loc.gov/standards/marcxml/schema/MARC21slim.xsd">
   <leader>00925njm 22002777a 4500</leader>
   <datafield ind2=" " ind1=" " tag="042">
      <subfield code="a">dc</subfield>
   </datafield>
   <datafield ind2=" " ind1=" " tag="720">
      <subfield code="a">Grupo de Trabajo de Efectividad Vacunación COVID-19</subfield>
      <subfield code="e">author</subfield>
   </datafield>
   <datafield ind2=" " ind1=" " tag="720">
      <subfield code="a">Limia Sánchez, Aurora</subfield>
      <subfield code="e">author</subfield>
   </datafield>
   <datafield ind2=" " ind1=" " tag="720">
      <subfield code="a">Olmedo-Lucerón, Carmen</subfield>
      <subfield code="e">author</subfield>
   </datafield>
   <datafield ind2=" " ind1=" " tag="720">
      <subfield code="a">Sierra Moros, María José</subfield>
      <subfield code="e">author</subfield>
   </datafield>
   <datafield ind2=" " ind1=" " tag="720">
      <subfield code="a">Martínez-Sánchez, Elena Vanesa</subfield>
      <subfield code="e">author</subfield>
   </datafield>
   <datafield ind2=" " ind1=" " tag="720">
      <subfield code="a">Larrauri, Amparo</subfield>
      <subfield code="e">author</subfield>
   </datafield>
   <datafield ind2=" " ind1=" " tag="720">
      <subfield code="a">Mazagatos, Clara</subfield>
      <subfield code="e">author</subfield>
   </datafield>
   <datafield ind2=" " ind1=" " tag="720">
      <subfield code="a">Monge Corella, Susana</subfield>
      <subfield code="e">author</subfield>
   </datafield>
   <datafield ind2=" " ind1=" " tag="720">
      <subfield code="a">Rojas-Benedicto, Ayelén</subfield>
      <subfield code="e">author</subfield>
   </datafield>
   <datafield ind2=" " ind1=" " tag="720">
      <subfield code="a">Delgado-Sanz, Concepcion</subfield>
      <subfield code="e">author</subfield>
   </datafield>
   <datafield ind2=" " ind1=" " tag="720">
      <subfield code="a">Oliva Dominguez, Jesus Angel</subfield>
      <subfield code="e">author</subfield>
   </datafield>
   <datafield ind2=" " ind1=" " tag="720">
      <subfield code="a">Martín Merino, Elisa</subfield>
      <subfield code="e">author</subfield>
   </datafield>
   <datafield ind2=" " ind1=" " tag="260">
      <subfield code="c">2021-12-17</subfield>
   </datafield>
   <datafield ind2=" " ind1=" " tag="520">
      <subfield code="a">Este informe muestra los siguientes resultados: los resultados del estudio de screening muestran que en residencias de mayores se mantiene una efectividad de la vacunación (EV) elevada frente a hospitalización y defunción en los últimos meses. Parece observarse el efecto positivo de la dosis de recuerdo a partir de octubre de 2021. Los resultados del seguimiento de la EV por el método de screening en los diferentes grupos de edad muestran una alta efectividad de la vacunación, sobre todo en la prevención de eventos graves como hospitalización, donde la reducción del riesgo continúa estando alrededor del 90% en todos los grupos. Estos resultados son coherentes con lo observado en los estudios de EV basados en la vigilancia centinela de IRAG (Infecciones Respiratoria Agudas Graves). La protección frente a infección sigue siendo en general menor (entre el 32% y el 84% según los grupos de edad). En los mayores de 80 años se observa un incremento de la efectividad a partir de noviembre de 2021, posiblemente relacionado con la administración de dosis de recuerdo en este grupo de edad. La efectividad por el método de screening durante el mes de octubre de 2021, y según el tiempo transcurrido desde la vacunación en personas de 80 y más años de edad, muestra cierta disminución progresiva de la efectividad frente a infección, infección sintomática y hospitalización por COVID-19 en aquellas personas vacunadas en los primeros meses (marzo, abril y mayo) respecto a las vacunadas en junio. Esta disminución progresiva de la efectividad de la vacunación frente a la infección en las personas vacunadas en meses más tempranos se observa también en los grupos de 70-79 años, 60-69 años, 50-59 años y 40-49 años. En todos los grupos de edad la protección frente a eventos más graves es más alta y estable en el tiempo que frente a infección e infección sintomática. Los resultados basados en la vigilancia de IRAG (Infecciones Respiratoria Agudas Graves) muestran una bajada progresiva de la efectividad frente a hospitalización una vez transcurridos 3-5 meses (81%) y más de 5 meses desde la vacunación (68%), cuando el estudio se restringe a la vacuna Pfizer, lo que es compatible con cierta pérdida de efectividad con el tiempo desde la vacunación. Cuando el estudio se restringe a vacuna Pfizer, esta disminución de la efectividad sólo se observa en las personas de 80 o más años y no en el resto de grupos de edad. El análisis de la efectividad de la primovacunación completa para todas las personas con IRAG (Infecciones Respiratoria Agudas Graves) de 20 años y más, por tipo de vacuna (Pfizer, Moderna, Janssen, AstraZeneca) para prevenir hospitalización muestra mejores resultados para las vacunas de Pfizer y Moderna, seguidas de las vacunas de AstraZeneca y Janssen.</subfield>
   </datafield>
   <datafield ind1="8" ind2=" " tag="024">
      <subfield code="a">http://hdl.handle.net/20.500.12105/15543</subfield>
   </datafield>
   <datafield tag="653" ind2=" " ind1=" ">
      <subfield code="a">COVID-19</subfield>
   </datafield>
   <datafield tag="653" ind2=" " ind1=" ">
      <subfield code="a">Vacunas</subfield>
   </datafield>
   <datafield tag="653" ind2=" " ind1=" ">
      <subfield code="a">Mayores</subfield>
   </datafield>
   <datafield tag="653" ind2=" " ind1=" ">
      <subfield code="a">España</subfield>
   </datafield>
   <datafield tag="653" ind2=" " ind1=" ">
      <subfield code="a">Vacunación</subfield>
   </datafield>
   <datafield tag="653" ind2=" " ind1=" ">
      <subfield code="a">Residencias de mayores</subfield>
   </datafield>
   <datafield tag="653" ind2=" " ind1=" ">
      <subfield code="a">Centros de mayores</subfield>
   </datafield>
   <datafield tag="653" ind2=" " ind1=" ">
      <subfield code="a">Hospitalización por COVID-19</subfield>
   </datafield>
   <datafield tag="653" ind2=" " ind1=" ">
      <subfield code="a">Estudio de screening</subfield>
   </datafield>
   <datafield ind2="0" ind1="0" tag="245">
      <subfield code="a">Análisis de la efectividad de la vacunación  frente a COVID-19 en España (3º informe)</subfield>
   </datafield>
</record></metadata></record></GetRecord></OAI-PMH>